000 00294nam a22001337a 4500
008 171010b xxu||||| |||| 00| 0 eng d
020 _a9780534588878
041 _aeng
080 _a316
100 _a50
101 _aSOC
245 _aMARRIAGES AND FAMILIES
_cLAMANNA, M.A
942 _2udc
_cBK
999 _c32809
_d32809